000 00629nam a2200265Ia 4500
005 20260306164334.0
008 008 260114s9999 xx 000 0 eng d
020 _a9781781384886
037 _aEBOOK
040 _aCRL
040 _beng
040 _cCRL
041 _2eng
041 _aeng
084 _qCRL
100 _aBieri
_91130489
245 0 _aCrisis, Credibility And Corporate History
260 _bLiverpool University Press
260 _c2015
650 _aEconomics & Finance
856 _uhttps://academic.oup.com/book/43430
942 _cEBOOK
999 _c1713707
_d1713707